[Event "Challenge"]
[Site "http://www.queenalice.com/game.php?id=1083638"]
[Date "2012.7.17"]
[Round "-"]
[White "Bloxham77"]
[Black "scirocco"]
[Result "1-0"]
[WhiteElo "1407"]
[BlackElo "1256"]

1. d4 d5 2. e3 Nf6 3. Nf3 Bf5 4. Bd3 e6 5. O-O Nc6 6. Bxf5 exf5 7. Nc3 Qd6 8. b3
Ng4 9. a4 O-O-O 10. Qd3 g6 11. a5 Nb4 12. Qe2 Qc6 13. Qd2 h5 14. h3 Nf6 15. Ne5
Qd6 16. Nxf7 Qd7 17. Nxd8 Qxd8 18. Na4 Ne4 19. Qe2 Bd6 20. Ba3 a6 21. c3 Nxc3
22. Nxc3 Re8 23. Na2 Nc6 24. Bxd6 cxd6 25. b4 Re4 26. Qc2 Rh4 27. b5 Qxa5 28.
bxc6 Qc7 29. Rfc1 Kb8 30. cxb7 1-0

[Event "Challenge"]
[Site "http://www.queenalice.com/game.php?id=1084556"]
[Date "2012.7.19"]
[Round "-"]
[White "Enzo1945"]
[Black "scirocco"]
[Result "1-0"]
[WhiteElo "1402"]
[BlackElo "1231"]

1. d4 d5 2. Nf3 Nf6 3. Bf4 e6 4. c3 Nc6 5. e3 Bd6 6. Bxd6 Qxd6 7. Bd3 O-O 8. O-O
Ng4 9. g3 Nf6 10. Ne5 Qe7 11. Nd2 a5 12. Qc2 a4 13. a3 Ra5 14. Ndf3 Qd6 15. Ng5
h6 16. Bh7+ Nxh7 17. Qxh7# 1-0

[Event "LESTE II"]
[Site "http://www.queenalice.com/game.php?id=1084739"]
[Date "2012.7.20"]
[Round "-"]
[White "rogeriooliveira"]
[Black "scirocco"]
[Result "0-1"]
[WhiteElo "1475"]
[BlackElo "1440"]

1. e4 Nf6 2. e5 Ne4 3. d3 Ng5 4. f4 Ne6 5. f5 Nd4 6. f6 e6 7. c3 Nf5 8. Nf3 Nc6
9. Na3 b6 10. Be2 d6 11. O-O dxe5 12. Qd2 Qxf6 13. Rf2 Bc5 14. Kf1 O-O 15. b3 a5
16. Nc2 Qh6 17. Qxh6 gxh6 18. d4 exd4 19. cxd4 Bd6 20. g3 h5 21. h3 Nxg3+ 22.
Ke1 a4 23. b4 Ba6 24. Rg2 Nxb4 25. Nxb4 Bxb4+ 26. Bd2 Bd6 27. Kd1 Bxe2+ 28. Ke1
Bd3 29. Rd1 a3 30. Bc1 Bb4+ 31. Bd2 Bd6 32. Kf2 Be4 33. Re1 Bg6 34. Ke3 c5 35.
dxc5 Bxc5+ 36. Kf4 Bd6+ 37. Ke3 Ra4 38. Rxg3 Bxg3 39. Rg1 Bf4+ 40. Ke2 Re4+ 41.
Kd1 Rd8 42. Kc1 Rc4+ 43. Kd1 Rd3 44. Ne1 Rxd2# 0-1

[Event "Challenge"]
[Site "http://www.queenalice.com/game.php?id=1085324"]
[Date "2012.7.21"]
[Round "-"]
[White "scirocco"]
[Black "principio1"]
[Result "1-0"]
[WhiteElo "1205"]
[BlackElo "1311"]

1. e4 e5 2. Nf3 d6 3. Bc4 Be6 4. d3 Bxc4 5. dxc4 Nf6 6. O-O Nbd7 7. b3 c6 8. Bg5
h6 9. Bh4 Be7 10. a4 a5 11. Qd3 Qc7 12. Rd1 c5 13. Nc3 O-O 14. Nb5 Qc8 15. Qe3
b6 16. Nxd6 Qc7 17. Ng5 Ng4 18. Qg3 h5 19. Nf5 Bf6 20. Rd5 Rad8 21. h3 g6 22.
hxg4 Be7 23. Nxe7+ Kg7 24. gxh5 Nf6 25. Nxg6 Nxh5 26. Qg4 Nf6 27. Qf5 Nxd5 28.
cxd5 f6 29. Ne6+ Kf7 30. Nxc7 Kg7 31. Ne6+ Kg8 32. Ngxf8 Rxf8 33. Qg6+ Kh8 34.
Qg7# 1-0

[Event "Challenge"]
[Site "http://www.queenalice.com/game.php?id=1090394"]
[Date "2012.8.4"]
[Round "-"]
[White "scirocco"]
[Black "Camy"]
[Result "0-1"]
[WhiteElo "1364"]
[BlackElo "1688"]

1. e4 Nc6 2. Nf3 Nf6 3. Nc3 d5 4. d3 e5 5. Ng5 Rb8 6. Qf3 h6 7. Nh3 d4 8. Nd5
Nxd5 9. exd5 Nb4 10. a3 Nxc2+ 11. Kd1 Nxa1 12. Be2 Nb3 13. Qe4 Qe7 14. Bh5 Bxh3
15. gxh3 Nxc1 16. Kxc1 Qg5+ 17. f4 Qxh5 18. Qxe5+ Be7 19. Re1 Qxe5 20. Rxe5 f6
21. Re6 Rd8 22. f5 Rxd5 23. Kb1 Rxf5 24. h4 Rf1+ 25. Ka2 Kf7 26. Re2 Rd1 27. Rc2
Rxd3 28. Rxc7 b5 29. Rxa7 Rd2 30. Ra5 d3 31. Rxb5 Rd8 32. Rc5 Bxc5 33. Kb3 Rd1
34. Ka4 d2 35. b4 Bb6 36. Kb5 Be3 37. a4 Rc1 38. a5 d1=Q 39. Ka6 Qa4 40. Kb7
Qxb4+ 41. Ka6 Qb8 42. h5 Qa7+ 43. Kb5 Ra8 44. a6 Qxa6+ 45. Kb4 Qb6# 0-1

[Event "Challenge"]
[Site "http://www.queenalice.com/game.php?id=1094949"]
[Date "2012.8.20"]
[Round "-"]
[White "Petrucio"]
[Black "scirocco"]
[Result "0-1"]
[WhiteElo "1487"]
[BlackElo "1359"]

1. Nc3 d5 2. g4 c6 3. e4 Nf6 4. Bg2 Bxg4 5. Bh3 b5 6. Bxg4 Nxg4 7. f3 Ne5 8.
exd5 cxd5 9. Nxb5 a6 10. Nd4 e6 11. f4 Qh4+ 12. Kf1 Bc5 13. Ndf3 Qf2# 0-1

[Event "Challenge"]
[Site "http://www.queenalice.com/game.php?id=1095759"]
[Date "2012.8.23"]
[Round "-"]
[White "Petrucio"]
[Black "scirocco"]
[Result "0-1"]
[WhiteElo "1436"]
[BlackElo "1392"]

1. Nf3 d5 2. b4 b5 3. Ng5 e6 4. d4 Nc6 5. h4 Nxb4 6. a3 Nc6 7. e4 f6 8. Nh3 Nge7
9. Bxb5 a6 10. Bxc6+ Nxc6 11. Nf4 e5 12. Nxd5 exd4 13. Bf4 Bc5 14. Bxc7 Qd7 15.
Qh5+ Qf7 16. Qf3 a5 17. h5 Ba6 18. Qb3 Kd7 19. Nf4 Bc4 20. Qb7 Ra7 21. Nd2 Rxb7
22. Nd5 Qxh5 23. Rxh5 g6 24. Rh3 f5 25. Nxc4 Rxc7 26. Nf6+ Ke7 27. Nd5+ Kd7 28.
exf5 d3 29. cxd3 Re8+ 30. Kd2 Kd8 31. Rb1 Rc8 32. Nf6 Rb8 33. Rxh7 Be7 34. Kc2
Bxf6 35. Rbh1 Nd4+ 36. Kd2 Bg5+ 37. Kc3 Bf6 38. fxg6 Rb3+ 39. Kd2 Bg5+ 40. Kd1
Rb1# 0-1

[Event "Challenge"]
[Site "http://www.queenalice.com/game.php?id=1117786"]
[Date "2012.10.31"]
[Round "-"]
[White "Camy"]
[Black "scirocco"]
[Result "0-1"]
[WhiteElo "1780"]
[BlackElo "1463"]

1. d4 e6 2. Nc3 Nc6 3. Nf3 Bb4 4. Bd2 Nf6 5. a3 Ba5 6. e3 d5 7. Ne5 Nd7 8. Nxf7
Kxf7 9. Qf3+ Nf6 10. Bd3 Qd6 11. e4 dxe4 12. Nxe4 Qd5 13. b4 Bb6 14. c4 Qxd4 15.
O-O e5 16. c5 Bg4 17. Be3 Qxd3 18. Rad1 Qxe4 19. Qxe4 Nxe4 20. Rd7+ Bxd7 21. f3
Nf6 22. cxb6 axb6 23. Bg5 Rxa3 24. b5 Nd4 25. h4 Ne2+ 26. Kf2 Bxb5 27. f4 Ng4+
28. Ke1 Ra2 29. fxe5+ Ke8 30. Kd1 Ra1+ 31. Kd2 Ra2+ 32. Kd1 Ba4+ 33. Ke1 Nh2 34.
Rf7 Kxf7 35. Kf2 Ng4+ 36. Kf3 Rd8 37. Kxg4 Rd4+ 38. Kh5 Ng3# 0-1

[Event "OS INCLIVEIS"]
[Site "http://www.queenalice.com/game.php?id=1119085"]
[Date "2012.11.5"]
[Round "-"]
[White "adelio"]
[Black "scirocco"]
[Result "1-0"]
[WhiteElo "1720"]
[BlackElo "1499"]

1. f4 d5 2. d4 Nf6 3. c4 e6 4. Nc3 Nc6 5. Nf3 a5 6. e3 Bb4 7. a3 Bxc3+ 8. bxc3
Ne4 9. Qc2 a4 10. Bd3 Ra5 11. h4 O-O 12. g4 Qf6 13. Ng5 Qh6 14. Nxe4 dxe4 15.
Bxe4 e5 16. f5 f6 17. Bd2 exd4 18. exd4 Qxd2+ 19. Qxd2 Re8 20. Qf4 Re7 21. Kd2
Bd7 22. h5 h6 23. Rag1 Ra8 24. Bd5+ Kf8 25. Qxc7 Rae8 26. Qd6 Na5 27. Re1 Nb3+
28. Kc2 g6 29. hxg6 Kg7 30. Rxe7+ Kf8 31. g7# 1-0

[Event "Challenge"]
[Site "http://www.queenalice.com/game.php?id=1262663"]
[Date "2014.3.6"]
[Round "-"]
[White "frama42"]
[Black "scirocco"]
[Result "1-0"]
[WhiteElo "1500"]
[BlackElo "1490"]

1. e4 Nc6 2. Nf3 e5 3. Bc4 Nf6 4. d3 a5 5. c3 Bc5 6. d4 b5 7. Bxf7+ Kxf7 8. Ng5+
Kf8 9. dxc5 h6 10. Nf3 Nxe4 11. O-O Qf6 12. Qd3 d5 13. Qxd5 Bf5 14. Nxe5 Rd8 15.
Qxc6 Qxc6 16. Nxc6 Nxc5 17. Nxd8 1-0

[Event "Challenge"]
[Site "http://www.queenalice.com/game.php?id=1263398"]
[Date "2014.3.8"]
[Round "-"]
[White "Vivianna"]
[Black "scirocco"]
[Result "0-1"]
[WhiteElo "1353"]
[BlackElo "1467"]

1. d4 Nc6 2. Nf3 Nf6 3. d5 Na5 4. e3 c5 5. Nc3 d6 6. Bd2 Bf5 7. Bd3 g6 8. Bxf5
gxf5 9. O-O Nc4 10. Qc1 Nxd2 11. Qxd2 Bh6 12. Qe2 O-O 13. Rfe1 Qd7 14. h3 Rae8
15. Nh4 f4 16. e4 a5 17. Nf5 Bg7 18. Qf3 e5 19. Qg3 fxg3 20. fxg3 Bh8 21. g4 b5
22. b3 b4 23. Ne2 Nxe4 24. a4 Qc7 25. Neg3 Nc3 26. Nh5 Nxd5 27. Rad1 Nf4 28.
Nxd6 Rd8 29. Nf5 Qc6 30. Nh6+ Qxh6 31. h4 Nxh5 32. gxh5 Qxh5 33. g3 Qg4 34. Rd3
e4 35. Rde3 Bd4 36. Kf2 Qf3+ 37. Kg1 Bxe3+ 38. Kh2 Rd2+ 39. Kh3 Bf2 40. Rf1
Qxg3# 0-1

[Event "Challenge"]
[Site "http://www.queenalice.com/game.php?id=1263432"]
[Date "2014.3.9"]
[Round "-"]
[White "scirocco"]
[Black "Camy"]
[Result "0-1"]
[WhiteElo "1474"]
[BlackElo "1574"]

1. e4 e5 2. f3 d6 3. c3 Be6 4. g4 h6 5. Ne2 Nc6 6. Bh3 Nf6 7. Na3 Be7 8. Ng3 d5
9. Nf5 Rg8 10. O-O Bxf5 11. exf5 Bc5+ 12. d4 exd4 13. Re1+ Be7 14. Bf4 dxc3 15.
bxc3 Kf8 16. g5 Nh5 17. Be3 Bxg5 18. Bg4 Nf4 19. Bc5+ Be7 20. Rxe7 Nxe7 21. Qd4
b6 22. Bb4 Ne2+ 23. Kf1 Nxd4 24. cxd4 a5 25. Bc3 Qd6 26. Nb5 Qxh2 27. Ke1 Rh8
28. Kd1 c6 29. Nc7 Rc8 30. Na6 b5 31. Bxa5 Ra8 32. f6 Qh1+ 33. Be1 Rxa6 34. f4
gxf6 35. Kd2 Ra3 36. Rc1 Rxa2+ 37. Kd1 Qh2 38. Bf5 Qxf4 39. Bb1 Qxd4+ 40. Bd2
Qxd2# 0-1

[Event "Challenge"]
[Site "http://www.queenalice.com/game.php?id=1267766"]
[Date "2014.3.24"]
[Round "-"]
[White "scirocco"]
[Black "frama42"]
[Result "0-1"]
[WhiteElo "1473"]
[BlackElo "1715"]

1. e4 e5 2. Bd3 Nf6 3. Nh3 Bc5 4. O-O d5 5. Nc3 Bxh3 6. Qf3 Be6 7. Qg3 Nc6 8.
exd5 Bxd5 9. Qxg7 Rg8 10. Qh6 Qd6 11. Nxd5 Qxd5 12. g3 e4 13. Qxf6 exd3 14. c3
Kd7 15. b4 Ne5 16. bxc5 Nf3+ 17. Qxf3 Qxf3 18. Re1 Rae8 19. Re3 Rxe3 20. dxe3
Qd1+ 21. Kg2 h5 22. Kh3 Qf1+ 23. Kh4 Qxf2 24. e4 Qxh2# 0-1

[Event "OS INCLIVEIS"]
[Site "http://www.queenalice.com/game.php?id=1279219"]
[Date "2014.5.5"]
[Round "-"]
[White "adelio"]
[Black "scirocco"]
[Result "1-0"]
[WhiteElo "1777"]
[BlackElo "1478"]

1. d4 d5 2. e4 c6 3. e5 e6 4. Be2 Bb4+ 5. c3 Ba5 6. h4 Nh6 7. g4 O-O 8. h5 Nd7
9. Nh3 f6 10. g5 Nf7 11. g6 hxg6 12. hxg6 Nh6 13. Bxh6 fxe5 14. Be3 Qh4 15. b4
Bd8 16. Kd2 Rxf2 17. Nxf2 Qg3 18. Ng4 b5 19. Bf2 Bg5+ 20. Kc2 Qh4 21. Bxh4 Bxh4
22. Rxh4 Nf8 23. Nd2 Nxg6 24. Nh6+ Kh7 25. Qh1 gxh6 26. Rxh6+ Kg7 27. Rg1 Bd7
28. Rhxg6+ Kf7 29. Qh7+ Ke8 30. Rg8# 1-0

[Event "Challenge"]
[Site "http://www.queenalice.com/game.php?id=1288019"]
[Date "2014.6.13"]
[Round "-"]
[White "JORAM2205"]
[Black "scirocco"]
[Result "1-0"]
[WhiteElo "1519"]
[BlackElo "1462"]

1. e4 e5 2. Nf3 f6 3. d3 Bb4+ 4. Bd2 Nc6 5. Nc3 a5 6. a3 Bc5 7. Be3 Nd4 8. b4
axb4 9. Nb5 Nxb5 10. Bxc5 Nc3 11. Qd2 Rxa3 12. Qc1 Na2 13. Qb2 d6 14. Be3 Be6
15. Be2 Qa8 16. O-O Nc3 17. Rae1 h5 18. Bd2 Ra2 19. Qxb4 Rxc2 20. Bxc3 Ne7 21.
Ra1 Qb8 22. Bd1 Nc6 23. Qa3 Rxc3 24. Qxc3 Ke7 25. Nh4 g5 26. Ng6+ Kf7 27. Nxh8+
Qxh8 28. Re1 h4 29. Re3 h3 30. Rg3 hxg2 31. Rxg2 Nd4 32. Qxc7+ Kg6 33. Qxb7 Bh3
34. Ra8 Qg7 35. Bh5+ Kh6 36. Qxg7+ Kxg7 37. Rg3 Be6 38. Ra6 Nb5 39. Bd1 Nd4 40.
Rxd6 Kf7 41. f3 Nb5 42. Rb6 Nd4 43. h4 Bb3 44. Rb7+ Ke6 45. Bxb3+ Kd6 46. Kf2
Nc6 47. hxg5 Nd8 48. Rb6+ Nc6 49. Ba4 Kc7 50. Rxc6+ Kd7 51. gxf6 Ke8 52. Ra6+
1-0

[Event "Challenge"]
[Site "http://www.queenalice.com/game.php?id=1288022"]
[Date "2014.6.13"]
[Round "-"]
[White "Desaixmuiron"]
[Black "scirocco"]
[Result "0-1"]
[WhiteElo "1200"]
[BlackElo "1448"]

1. Nf3 f6 2. d4 d5 3. h3 Nc6 4. a3 Bf5 5. Bf4 Qd7 6. e3 g5 7. Bh2 O-O-O 8. c4
dxc4 9. Bxc4 e5 10. O-O g4 11. hxg4 Bxg4 12. Be2 h5 13. Nc3 Rh7 14. dxe5 Nxe5
15. Nxe5 fxe5 16. Bxg4 hxg4 17. g3 Rh3 18. Qxd7+ Rxd7 19. Rad1 Bh6 20. Rxd7 Kxd7
21. Kg2 b6 22. f3 gxf3+ 23. Rxf3 Rh5 24. e4 Rg5 25. Bg1 Ke6 26. Be3 Nf6 27. Bxg5
Bxg5 28. Rd3 Ne8 29. a4 Nd6 30. Kf3 Nc4 31. b3 Nb2 32. Re3 Bxe3 33. Kxe3 c5 34.
Nb5 a6 35. Nc7+ Kd6 36. Nxa6 Nd1+ 37. Kd2 Nb2 38. Kc2 Nxa4 39. bxa4 c4 40. Kc3
Kc6 41. Kxc4 Kb7 42. Nb4 Kc7 43. Kd5 Kb7 44. Kxe5 Kc7 0-1

[Event "=^_^="]
[Site "http://www.queenalice.com/game.php?id=1570282"]
[Date "2019.5.9"]
[Round "-"]
[White "scirocco"]
[Black "o3bor52"]
[Result "0-1"]
[WhiteElo "1454"]
[BlackElo "1856"]

1. c4 Nf6 2. Nc3 d5 3. d3 dxc4 4. dxc4 Qxd1+ 5. Nxd1 e6 6. f4 Nc6 7. a3 Nd4 8.
Nf3 Nxf3+ 9. gxf3 c5 10. h4 Nh5 11. Rh3 Bd6 12. e3 f5 13. Nf2 O-O 14. Nd3 b6 15.
b3 Bb7 16. Bg2 Rad8 17. Bb2 Bc7 18. Ne5 Bxe5 19. fxe5 Nf4 20. exf4 Rf7 21. Rh1
Rfd7 22. Rf1 g6 23. Rh1 h5 24. Kf2 Rd2+ 25. Kg3 Rxb2 26. Rh2 Rxb3 27. Rf1 Rxa3
28. Kh3 Rd4 29. Bh1 Rxf4 30. Rg2 Rfxf3+ 31. Rxf3 Rxf3+ 32. Rg3 Rxg3+ 33. Kxg3
Bxh1 34. Kf4 Kg7 35. Kg3 Bc6 36. Kf4 Kh6 37. Ke3 a5 38. Kd3 b5 39. cxb5 Bxb5+
40. Kc3 g5 41. hxg5+ Kxg5 42. Kd2 a4 43. Kc2 h4 44. Kb2 h3 45. Ka3 h2 0-1

[Event "  = ^_^ ="]
[Site "http://www.queenalice.com/game.php?id=1572610"]
[Date "2019.5.28"]
[Round "-"]
[White "o3bor52"]
[Black "scirocco"]
[Result "1-0"]
[WhiteElo "1931"]
[BlackElo "1452"]

1. b3 g6 2. Bb2 f6 3. d3 Nh6 4. Nd2 Ng4 5. h3 Ne5 6. f4 Nec6 7. Ngf3 b6 8. e4
Bh6 9. g3 d6 10. Qe2 Ba6 11. O-O-O Nd7 12. Qf2 Nb4 13. Kb1 c5 14. a3 Nc6 15. d4
Qc8 16. d5 Na5 17. Bxa6 Qxa6 18. Qf1 b5 19. c4 bxc4 20. Nxc4 Nxb3 21. Ncd2 Qb7
22. Nxb3 Qxb3 23. Rd3 Qb6 24. Qd1 Rb8 25. Qc2 Qxb2+ 26. Qxb2 Rxb2+ 27. Kxb2 O-O
28. Nd2 Rb8+ 29. Rb3 Nb6 30. Rb1 a5 31. Ka2 a4 32. Rxb6 Rxb6 33. Rxb6 g5 34.
fxg5 Bf8 35. gxf6 exf6 36. Nc4 Kg7 37. Nxd6 Bxd6 38. Rxd6 Kg6 39. e5 Kf5 40.
exf6 1-0

[Event "    = ^_^ ="]
[Site "http://www.queenalice.com/game.php?id=1582257"]
[Date "2019.9.2"]
[Round "-"]
[White "scirocco"]
[Black "o3bor52"]
[Result "0-1"]
[WhiteElo "1450"]
[BlackElo "1884"]

1. b4 a6 2. c3 b5 3. Na3 Bb7 4. e3 d6 5. Nf3 e6 6. Qc2 Nf6 7. Bd3 g6 8. Ng5 Bg7
9. h4 h6 10. Nh3 Bxg2 11. Rh2 Bb7 12. Bxg6 Qe7 13. Rg2 Bxg2 14. Nf4 Bb7 15. Bb2
Nbd7 16. O-O-O O-O-O 17. d4 Nd5 18. Qe4 Nxf4 19. Qxf4 fxg6 20. d5 Rhf8 21. Qe4
e5 22. Rf1 g5 23. c4 gxh4 24. cxb5 axb5 25. Nxb5 Nb6 26. Qg2 Bxd5 27. e4 Bc4 28.
Na7+ Kb7 0-1